[Event "Pinneberg-ch"]
[Site "Pinneberg"]
[Date "2016.09.08"]
[Round "2"]
[White "Sausmikat, Michael"]
[Black "Kepler, Ewgenij"]
[Result "1-0"]
[WhiteElo "1608"]
[BlackElo "1790"]
[PlyCount "61"]
[EventDate "2016.09.01"]
[EventType "swiss"]
[EventRounds "7"]
[EventCountry "GER"]
[SourceTitle "EXT 2018"]
[Source "ChessBase"]
[SourceDate "2017.10.13"]
[SourceVersion "1"]
[SourceVersionDate "2017.10.13"]
[SourceQuality "1"]

1. d4 c5 2. d5 Nf6 3. c4 b5 4. cxb5 a6 5. e3 g6 6. bxa6 Bg7 7. Nc3 0-0 8. Nf3 d6 9. a3 Nxa6 10. e4 Bb7 11. Bc4 Nd7 12. 0-0 Nb6 13. Be2 Qd7 14. Bb5 Qc7 15. Be3 Rfb8 16. Qd2 Bc8 17. Bc6 Nc4 18. Qe2 Nxe3 19. fxe3 Bb7 20. Bxb7 Rxb7 21. Ng5 Bf6 22. Nf3 Qa5 23. e5 dxe5 24. e4 Rab8 25. Rab1 Nc7 26. Qf2 Ne8 27. Nxe5 Nd6 28. Nc6 Qb6 29. e5 Bg7 30. exd6 exd6 31. Qc2 1-0